01409nam a2200193 i 450000100060000000300090000600500170001500700030003200800410003510000300007624501080010626000680021430000190028249000440030150507710034570000220111683000440113885200330118244716ES-MaACL20260617125143.0t|030324s1956 fr ||||1| fre d aClaudel, Paul,d1868-195510aThéâtre /cPaul Claudel ; introduction et chronologie de la vie et de l'oeuvre par Jacques Madaule. aParis :bGallimard :bBruges,c[1956] (fImp. Sainte Catherine) a2 t. ;c18 cm.1 aBibliothèque de la Pléiade ;v72,738 aContiene: T.I: L'endormie. Fragment d'un drame. Tête d'or : première version. La ville : première version. La jeune fille Violaine : première version (1892). L'echange : première version. Le repos du septième jour. Agamenon d'Eschyle. Les Choéphores d'Eschyle. Partage de midi : première version. -- T.II: L'Annonce faite á Marie. L'otage. Protées. Le pain dur. Le père humiliè. La nuit de Noêl. L'ours et la lune. L'homme et son désir. La femme et son ombre. Le soulier de satin. La parabole du festin. La sagesse ou la parabole du festin. Sous le rempart d'Athènes. Le livre de Christophe Colomb. Jeanne d'Arc au bûcher. L'histoire de Tobie et de Sara. La lune a la recherche d'ellemême. Le jet de Pierre. Le ravissement de Scapin1 aMadaule, Jacques.0 aBibliothèque de la Pléiade ;v72,73 aES-MaACLjC-15274-5bR.43372